[Event "SG Porz 2 - SV Castrop-Rauxel 1"]
[Site "Oberliga NRW 2010/2011"]
[Date "2011.03.13"]
[Round "8.4"]
[White "Coenen, Michael"]
[Black "Kartsev, Alexandr"]
[Result "0-1"]
[WhiteElo "2304"]
[BlackElo "2164"]
[PlyCount "66"]
[EventDate "2011.??.??"]

1. e4 c6 2. Nc3 d5 3. Nf3 dxe4 4. Nxe4 Bf5 5. Ng3 Bg6 6. h4 h6 7. Ne5 Bh7 8.
Qf3 Nf6 9. Qb3 Qd5 10. Qxb7 Qxe5+ 11. Be2 e6 12. d4 Qa5+ 13. Bd2 Qb6 14. Qxa8
Be7 15. a4 O-O 16. a5 Qc7 17. Bf4 Qxf4 18. Qxa7 Nd5 19. Bf3 Bb4+ 20. Kf1 Bxc2
21. Kg1 Bd3 22. Nh5 Qd2 23. Rd1 Qc2 24. Rh3 Be2 25. Ra1 Qxb2 26. Rf1 Bxf1 27.
Rg3 g5 28. hxg5 Bd6 29. Rg4 Qc1 30. gxh6+ Kh8 31. Ng3 Be2+ 32. Kh2 Qxh6+ 33.
Kg1 f5 0-1

[Event "SG Porz 2 - SV Castrop-Rauxel 1"]
[Site "Oberliga NRW 2010/2011"]
[Date "2011.03.13"]
[Round "8.5"]
[White "Kock, Wolfgang"]
[Black "Savchenko, Aleksij"]
[Result "0-1"]
[WhiteElo "2005"]
[BlackElo "2207"]
[PlyCount "126"]
[EventDate "2011.??.??"]

1. c4 Nf6 2. g3 e6 3. Bg2 d5 4. Nf3 Be7 5. O-O O-O 6. d3 b6 7. b3 Bb7 8. Bb2 c5
9. e3 Nc6 10. Ne5 Qc7 11. Ng4 Nxg4 12. Qxg4 Ne5 13. Bxe5 Qxe5 14. Nd2 Rad8 15.
Qe2 Qb8 16. Rfd1 Rd7 17. Nf3 Rfd8 18. cxd5 Bxd5 19. Ne1 Bf6 20. Rac1 Bxg2 21.
Kxg2 Qb7+ 22. Qf3 Qa6 23. Rc2 Qa3 24. Qe2 Qa6 25. Rc4 Qb7+ 26. Qf3 Rd5 27. Rc2
a5 28. Rdc1 Qa7 29. Qe2 Qa8 30. Qf3 a4 31. Rc4 axb3 32. axb3 Qa3 33. Qd1 b5 34.
R4c2 Qxb3 35. e4 R5d7 36. Rxc5 Qb4 37. Rc8 Qxe4+ 38. dxe4 Rxd1 39. Rxd8+ Rxd8
40. Rb1 Bc3 41. Kf1 Kf8 42. Ke2 b4 43. Nd3 Rb8 44. Rb3 Ke7 45. Kd1 Kd6 46. Kc2
Kc6 47. h4 Kb5 48. Rxc3 bxc3 49. Kxc3 Rd8 50. e5 Kc6 51. Kc4 Ra8 52. Nb4+ Kb6
53. Kd3 Kc5 54. Nc2 Ra2 55. f4 Rb2 56. Ne3 g6 57. Ke4 h5 58. Kd3 Rb1 59. Ke4
Rg1 60. Kf3 Kd4 61. Kf2 Rc1 62. Ke2 Ke4 63. Nf1 Rxf1 0-1

[Event "SG Porz 2 - SV Castrop-Rauxel 1"]
[Site "Oberliga NRW 2010/2011"]
[Date "2011.03.13"]
[Round "8.6"]
[White "Gallinnis, Norbert"]
[Black "Panofen, Ingo"]
[Result "1-0"]
[WhiteElo "2223"]
[BlackElo "1900"]
[PlyCount "71"]
[EventDate "2011.??.??"]

1. e4 c5 2. Na3 e6 3. g3 a6 4. Bg2 Nc6 5. Nf3 d6 6. c3 Nf6 7. Qe2 e5 8. O-O Be7
9. Nc2 Bg4 10. Ne3 Qd7 11. Nxg4 Qxg4 12. d3 O-O 13. a3 h6 14. b4 Rad8 15. Rb1
c4 16. dxc4 Qxe4 17. Qxe4 Nxe4 18. Nxe5 Nxc3 19. Nxc6 bxc6 20. Rb2 d5 21. Rc2
Ne4 22. Rd1 f5 23. Bf1 Rf6 24. f3 Ng5 25. Kg2 d4 26. c5 Ne6 27. Bxa6 Nc7 28.
Bc4+ Kf8 29. Rcd2 f4 30. Rxd4 Rxd4 31. Rxd4 fxg3 32. hxg3 Ne6 33. Rd3 g5 34. a4
h5 35. a5 h4 36. a6 1-0

[Event "SG Porz 2 - SV Castrop-Rauxel 1"]
[Site "Oberliga NRW 2010/2011"]
[Date "2011.03.13"]
[Round "8.7"]
[White "Zobiegala, Christoph"]
[Black "Peschlow, Patrick"]
[Result "0-1"]
[WhiteElo "1725"]
[BlackElo "2280"]
[Annotator "Hausrath,Daniel"]
[PlyCount "114"]
[EventDate "2011.??.??"]

1. d4 Nf6 2. f3 d5 3. e4 dxe4 4. Nc3 e3 5. Bxe3 c6 6. Bd3 e6 7. Nge2 Be7 8. O-O
Nbd7 9. Qe1 Qc7 10. Ne4 c5 11. c3 a6 12. Rd1 cxd4 13. cxd4 Nd5 14. Bd2 b6 15.
Rc1 Qb8 16. f4 g6 17. a3 O-O 18. Rf3 N7f6 19. N2c3 Bb7 20. Bb1 Qd8 21. Rh3 Nxc3
22. Nxf6+ Bxf6 23. bxc3 Rc8 24. Be4 $11 Bxd4+ 25. Kh1 Bxe4 26. cxd4 Qd5 27.
Rhc3 Rxc3 28. Bxc3 Bxg2+ 29. Kg1 Rc8 30. Qe5 f6 31. Qxd5 Bxd5 32. Kf2 Kf7 33.
Bb2 Bc4 34. Ke3 Ke7 35. Rc3 Kd6 36. Rc1 Kd5 37. h4 a5 38. Rc3 Rc7 39. Rc1 Rc6
40. Bc3 Ba2 41. Bb2 Rxc1 42. Bxc1 Kc4 43. Kd2 Kb3 44. Kd3 Bb1+ 45. Kd2 b5 46.
Ke3 a4 47. d5 exd5 48. Kd4 Kc2 49. Be3 Ba2 50. Kc5 Bc4 51. Kd6 Kd3 52. Bf2 Ke4
53. Ke6 b4 54. axb4 a3 55. b5 Bxb5 56. h5 a2 57. hxg6 hxg6 0-1

[Event "SG Porz 2 - SV Castrop-Rauxel 1"]
[Site "Oberliga NRW 2010/2011"]
[Date "2011.03.13"]
[Round "8.8"]
[White "Kloke, Stephan"]
[Black "Henn, Marcus"]
[Result "1/2-1/2"]
[WhiteElo "2002"]
[BlackElo "2072"]
[PlyCount "38"]
[EventDate "2011.??.??"]

1. e4 e6 2. d4 d5 3. Nc3 dxe4 4. Nxe4 Nd7 5. Nf3 Ngf6 6. Ng3 c5 7. c3 Be7 8.
Be2 O-O 9. O-O b6 10. Be3 Bb7 11. Qd2 Nd5 12. c4 Nxe3 13. fxe3 Qc7 14. Qc2 Rad8
15. Bd3 g6 16. Be4 Nf6 17. Bxb7 Qxb7 18. Rad1 Bd6 19. Ne2 Qc7 1/2-1/2

[Event "SV Mülheim-Nord 2 - SK Münster 1"]
[Site "Oberliga NRW 2010/2011"]
[Date "2011.04.03"]
[Round "9.1"]
[White "Libeau, Rene Andre"]
[Black "Litwak, Aleksej"]
[Result "1/2-1/2"]
[WhiteElo "2340"]
[BlackElo "2247"]
[PlyCount "30"]
[EventDate "2011.??.??"]

1. e4 c5 2. Nf3 e6 3. d3 d5 4. Nbd2 Nf6 5. g3 Nc6 6. Bg2 Be7 7. O-O O-O 8. Re1
b5 9. e5 Nd7 10. Nf1 a5 11. h4 b4 12. N1h2 a4 13. a3 bxa3 14. bxa3 Ba6 15. Bg5
Rb8 1/2-1/2

[Event "SV Mülheim-Nord 2 - SK Münster 1"]
[Site "Oberliga NRW 2010/2011"]
[Date "2011.04.03"]
[Round "9.2"]
[White "Kaufeld, Juergen"]
[Black "Hainke, Guntram"]
[Result "0-1"]
[WhiteElo "2241"]
[BlackElo "2253"]
[PlyCount "90"]
[EventDate "2011.??.??"]

1. e4 e6 2. d4 d5 3. Nc3 Bb4 4. e5 c5 5. a3 Bxc3+ 6. bxc3 Ne7 7. h4 Nbc6 8. h5
Qa5 9. Bd2 Bd7 10. h6 gxh6 11. Rb1 O-O-O 12. Rb5 Qxa3 13. Rxc5 b6 14. Rb5 Ng8
15. Rb3 Qe7 16. Bc1 Be8 17. Ba6+ Kb8 18. Ba3 Qc7 19. Ne2 f6 20. f4 Nge7 21.
Rxh6 Bg6 22. Qb1 Nf5 23. Rh3 Na5 24. Rb4 h5 25. Qa2 h4 26. Kd2 Bh5 27. Kc1 Bg4
28. Rh2 Bxe2 29. Bxe2 Qxc3 30. Bd3 Qe1+ 31. Kb2 Ne3 32. Qb1 Qg3 33. Rh3 Qxf4
34. Rf3 Nec4+ 35. Bxc4 Qxd4+ 36. Ka2 Nxc4 37. exf6 Qc5 38. Rxb6+ Qxb6 39. Rb3
Kc7 40. Rxb6 axb6 41. Bb4 Ra8+ 42. Kb3 Ra3+ 43. Bxa3 Nd2+ 44. Kb2 Nxb1 45. Kxb1
Rh7 0-1

[Event "SV Mülheim-Nord 2 - SK Münster 1"]
[Site "Oberliga NRW 2010/2011"]
[Date "2011.04.03"]
[Round "9.3"]
[White "Molinaroli, Martin"]
[Black "Driessens, Patrick"]
[Result "1-0"]
[WhiteElo "2197"]
[BlackElo "2344"]
[Annotator "Hausrath,Daniel"]
[PlyCount "61"]
[EventDate "2011.??.??"]

1. Nf3 d6 2. e4 Nf6 3. Nc3 c6 4. d4 Bg4 5. Be2 e6 6. O-O Be7 7. h3 Bh5 8. Bf4
O-O 9. Re1 d5 10. exd5 cxd5 11. Ne5 Bxe2 12. Nxe2 Nc6 13. c3 Rc8 14. Ng3 b5 15.
Qe2 b4 16. Nxc6 Rxc6 17. cxb4 Bxb4 18. Rec1 Rxc1+ 19. Rxc1 Ba5 20. Qc2 Qd7 21.
Be5 Ne8 22. Qc6 Qxc6 23. Rxc6 Bb6 24. Ne2 f6 25. Bf4 Kf7 26. Bd2 g5 27. a4 Rg8
28. Bb4 e5 29. a5 Bxd4 30. Nxd4 exd4 31. Ra6 {Zü} 1-0

[Event "SV Mülheim-Nord 2 - SK Münster 1"]
[Site "Oberliga NRW 2010/2011"]
[Date "2011.04.03"]
[Round "9.4"]
[White "Caessens, Rob"]
[Black "Rott, Georg"]
[Result "1-0"]
[WhiteElo "2241"]
[BlackElo "2126"]
[PlyCount "59"]
[EventDate "2011.??.??"]

1. d4 d5 2. Nf3 Nf6 3. Bf4 c5 4. e3 Nc6 5. c3 Qb6 6. Qb3 c4 7. Qc2 Bf5 8. Qc1
h6 9. Nbd2 Na5 10. Be2 e6 11. Ne5 Bh7 12. b3 cxb3 13. axb3 Nxb3 14. Nxb3 Qxb3
15. Bd1 Qb6 16. Ba4+ Ke7 17. Qa3+ Kd8 18. Nxf7+ Kc8 19. Qa2 Rg8 20. O-O g5 21.
Bg3 Bd3 22. c4 Bxc4 23. Rfc1 Qa6 24. Qb2 Ne4 25. Rxc4+ Qxc4 26. Rc1 Nxg3 27.
Rxc4+ dxc4 28. Qb5 Ba3 29. Qd7+ Kb8 30. Nd8 1-0

[Event "SV Mülheim-Nord 2 - SK Münster 1"]
[Site "Oberliga NRW 2010/2011"]
[Date "2011.04.03"]
[Round "9.5"]
[White "Kamp, Christoph"]
[Black "Peerlings, Camiel"]
[Result "1/2-1/2"]
[WhiteElo "2158"]
[BlackElo "2194"]
[PlyCount "30"]
[EventDate "2011.??.??"]

1. c4 d6 2. d4 e5 3. Nf3 e4 4. Ng5 f5 5. Nc3 c6 6. Nh3 Be7 7. e3 Nf6 8. Be2 Na6
9. Nf4 Nc7 10. h4 Ne6 11. d5 Nxf4 12. exf4 O-O 13. Be3 Bd7 14. Qd2 Kh8 15. g3
Be8 1/2-1/2

[Event "SV Mülheim-Nord 2 - SK Münster 1"]
[Site "Oberliga NRW 2010/2011"]
[Date "2011.04.03"]
[Round "9.6"]
[White "Bus, Tomas"]
[Black "Bolwerk, Peter"]
[Result "1/2-1/2"]
[WhiteElo "2148"]
[BlackElo "2180"]
[Annotator "Hausrath,Daniel"]
[PlyCount "119"]
[EventDate "2011.??.??"]

1. c4 Nf6 2. g3 g6 3. Bg2 Bg7 4. Nc3 O-O 5. e4 d6 6. Nge2 e5 7. O-O Be6 8. d3
Qd7 9. Nd5 Ne8 10. d4 c6 11. Ne3 Bh3 12. d5 Bxg2 13. Kxg2 Na6 14. Rb1 Nc5 15.
f3 a5 16. Nc3 Qc7 17. Qc2 Nf6 18. b3 Na6 19. a3 c5 20. Bd2 b6 21. Ncd1 Nh5 22.
Nf2 Qd7 23. Nd3 Bh6 24. Ng4 Bg7 25. b4 cxb4 26. axb4 axb4 27. Nxb4 Nc5 28. Nc6
f5 29. Nf2 Ra6 30. Be3 Qf7 31. Nh3 h6 32. g4 fxg4 33. fxg4 Nf6 34. g5 hxg5 35.
Nxg5 Qd7 36. Bxc5 bxc5 37. Ne6 Rxc6 38. Nxf8 Qg4+ 39. Kh1 Rc8 40. Ne6 Nxe4 41.
Qg2 Qxg2+ 42. Kxg2 Nd2 43. Rb7 Bh6 44. Rff7 Nxc4 45. Rh7 Ne3+ 46. Kf3 Nf5 47.
Rhd7 Re8 48. Rd8 Rxd8 49. Nxd8 Ne3 50. Nf7 Bf4 51. Nxd6 Nxd5 $11 52. h3 Kf8 53.
Nc4 Nf6 54. Rc7 e4+ 55. Kxf4 Nd5+ 56. Kxe4 Nxc7 57. Ke5 Kg7 58. Kd6 Ne8+ 59.
Kxc5 Kh6 60. Ne5 1/2-1/2

[Event "SV Mülheim-Nord 2 - SK Münster 1"]
[Site "Oberliga NRW 2010/2011"]
[Date "2011.04.03"]
[Round "9.7"]
[White "Schulz, Stefan"]
[Black "Wittenberg, Andreas"]
[Result "1/2-1/2"]
[WhiteElo "1871"]
[BlackElo "2183"]
[PlyCount "66"]
[EventDate "2011.??.??"]

1. d4 e6 2. Nf3 f5 3. c4 Nf6 4. g3 c6 5. Bg2 d5 6. b3 Bd6 7. O-O Qe7 8. a4 a5
9. Ba3 Bb4 10. Bxb4 axb4 11. c5 O-O 12. Ne5 Qc7 13. Nd2 b6 14. Qc2 Ra5 15. Nd3
Na6 16. cxb6 Qxb6 17. Nf3 c5 18. dxc5 Nxc5 19. Rac1 Nfd7 20. Nfe5 Nxe5 21. Nxc5
Ba6 22. Nxa6 Rxa6 23. Qc7 Nc6 24. Qd7 Nb8 25. Qe7 Qd6 26. Qxd6 Rxd6 27. Rc7 Na6
28. Rc2 Rb8 29. Rfc1 Rbb6 30. e3 Nb8 31. Bf1 Nc6 32. Rc5 Ne5 33. Be2 Rdc6
1/2-1/2

[Event "SV Mülheim-Nord 2 - SK Münster 1"]
[Site "Oberliga NRW 2010/2011"]
[Date "2011.04.03"]
[Round "9.8"]
[White "Nachbar, Benjamin"]
[Black "Liu, Yi-Nan Julian"]
[Result "1/2-1/2"]
[WhiteElo "2015"]
[BlackElo "1913"]
[PlyCount "29"]
[EventDate "2011.??.??"]

1. d4 Nf6 2. c4 g6 3. Nc3 d5 4. cxd5 Nxd5 5. e3 Bg7 6. Nxd5 Qxd5 7. Ne2 O-O 8.
Nc3 Qa5 9. Bd2 c6 10. f4 Be6 11. Be2 Qc7 12. O-O Nd7 13. Rc1 Nb6 14. b3 Rad8
15. Bf3 1/2-1/2

[Event "PSV Duisburg 1 - Aachener SV 1"]
[Site "Oberliga NRW 2010/2011"]
[Date "2011.04.03"]
[Round "9.1"]
[White "Koch, Thomas"]
[Black "Wengenroth, Walter"]
[Result "1-0"]
[WhiteElo "2400"]
[BlackElo "2273"]
[PlyCount "102"]
[EventDate "2011.??.??"]

1. d4 Nf6 2. c4 e6 3. Nf3 d5 4. g3 dxc4 5. Bg2 c5 6. O-O Nc6 7. dxc5 Bxc5 8.
Qxd8+ Kxd8 9. Nbd2 Ke7 10. Nxc4 Rd8 11. a3 a5 12. Bd2 Ra6 13. Rac1 Ne4 14. Bf4
f6 15. Ne1 Nd4 16. Bxe4 Nxe2+ 17. Kg2 Nxc1 18. Bxc1 b5 19. Ne3 f5 20. Bf3 Kf6
21. b3 Rad6 22. N1c2 Rd3 23. b4 axb4 24. axb4 Be7 25. Be2 Bb7+ 26. Kg1 R3d6 27.
Bb2+ Kf7 28. Bxb5 Bf6 29. Bxf6 Kxf6 30. Na3 Bf3 31. Re1 Rd4 32. Nac2 Rd2 33.
Bf1 Be4 34. Na3 Rb2 35. b5 Ra8 36. Nec4 Rb3 37. Re3 Rb4 38. f3 Bb7 39. Kf2 Rd8
40. Be2 g5 41. Na5 Bd5 42. Nc6 Bxc6 43. bxc6 Rc8 44. Rc3 Ra4 45. Nb5 Ke7 46.
Rc2 Ra5 47. Bd3 Ra4 48. Ke2 h5 49. c7 Ra5 50. Ke3 Ra4 51. Bc4 f4+ 1-0

[Event "PSV Duisburg 1 - Aachener SV 1"]
[Site "Oberliga NRW 2010/2011"]
[Date "2011.04.03"]
[Round "9.2"]
[White "Fleck, Juergen"]
[Black "Sonntag, Hans-Hubert"]
[Result "1/2-1/2"]
[WhiteElo "2358"]
[BlackElo "2362"]
[PlyCount "36"]
[EventDate "2011.??.??"]

1. e4 e5 2. Nf3 Nc6 3. Bb5 a6 4. Ba4 Nf6 5. O-O Be7 6. Re1 b5 7. Bb3 d6 8. c3
O-O 9. h3 Na5 10. Bc2 c5 11. d4 Qc7 12. Nbd2 cxd4 13. cxd4 Nc6 14. Nb3 a5 15.
Be3 a4 16. Nbd2 Bd7 17. Rc1 Rac8 18. Bd3 Qb8 1/2-1/2

[Event "PSV Duisburg 1 - Aachener SV 1"]
[Site "Oberliga NRW 2010/2011"]
[Date "2011.04.03"]
[Round "9.3"]
[White "Coenen, Norbert"]
[Black "Kistella, Roman"]
[Result "1/2-1/2"]
[WhiteElo "2343"]
[BlackElo "2286"]
[Annotator "Hausrath,Daniel"]
[PlyCount "91"]
[EventDate "2011.??.??"]

1. e4 c5 2. Nf3 d6 3. Bb5+ Bd7 4. Bxd7+ Qxd7 5. c4 Nc6 6. d4 cxd4 7. Nxd4 Nf6
8. Nc3 e6 9. O-O Be7 10. Be3 O-O 11. Qe2 a6 12. f4 Rac8 13. Rad1 Qc7 14. b3 Nb8
15. Rd3 Nbd7 16. Bf2 Rfe8 17. Kh1 Bf8 18. Bg3 Nc5 19. Rdf3 Qa5 20. e5 Ng4 21.
Be1 Qd8 22. Nc2 Nh6 23. Bf2 Qc7 24. Nd4 Nd7 25. Bg3 dxe5 26. fxe5 $11 Bc5 27.
Rd3 Nf8 28. Nf3 Nf5 29. Ne4 Red8 30. Rfd1 Rxd3 31. Qxd3 Ng6 32. Bf2 Bxf2 33.
Nxf2 h6 34. Qd7 Qb8 35. Ne4 Re8 36. Nc5 Ne3 37. Rd2 Re7 38. Qd4 Nf5 39. Qd8+
Re8 40. Qd7 Re7 41. Qd8+ Re8 $11 42. Nxb7 Qxb7 43. Qxe8+ Kh7 44. Qd7 Qe4 45.
Qd3 Qf4 46. Re2 1/2-1/2

[Event "PSV Duisburg 1 - Aachener SV 1"]
[Site "Oberliga NRW 2010/2011"]
[Date "2011.04.03"]
[Round "9.4"]
[White "Schmitz, Joachim"]
[Black "Klein, Felix"]
[Result "1/2-1/2"]
[WhiteElo "2278"]
[BlackElo "2263"]
[PlyCount "21"]
[EventDate "2011.??.??"]

1. Nf3 d5 2. d4 c6 3. c4 e6 4. e3 f5 5. Bd3 Nf6 6. O-O Bd6 7. b3 Qe7 8. Bb2 O-O
9. Qc1 b6 10. Ba3 Bb7 11. Bxd6 1/2-1/2

[Event "PSV Duisburg 1 - Aachener SV 1"]
[Site "Oberliga NRW 2010/2011"]
[Date "2011.04.03"]
[Round "9.5"]
[White "Ahn, Martin"]
[Black "Schiffer, Kai-Uwe"]
[Result "0-1"]
[WhiteElo "2258"]
[BlackElo "2252"]
[Annotator "Hausrath,Daniel"]
[PlyCount "96"]
[EventDate "2011.??.??"]

1. e4 c6 2. d4 d5 3. f3 Qb6 4. a4 e6 5. a5 Qc7 6. Ne2 dxe4 7. fxe4 e5 8. d5 Nf6
9. Ng3 h5 10. Qd3 $11 h4 11. Ne2 Na6 12. dxc6 Qxc6 13. Nec3 Nb4 14. Qd1 Bg4 15.
Bb5 Bxd1 16. Bxc6+ bxc6 17. Kxd1 O-O-O+ 18. Bd2 Ng4 19. Kc1 h3 20. g3 Rd4 21.
b3 Be7 22. Ne2 Rd7 23. Bxb4 Bxb4 24. Ra4 Be7 25. Rc4 Kc7 26. Nbc3 Bg5+ 27. Kb2
Rd2 28. Ra1 Nxh2 29. Ng1 Ng4 30. Nf3 Bh6 31. Nxd2 Bxd2 32. Rf1 Bxc3+ 33. Rxc3
f6 34. Rcf3 Nh2 35. R3f2 Nxf1 36. Rxf1 c5 37. Rh1 Kc6 38. c4 h2 39. Ka3 Rh3 40.
Ka4 g6 41. b4 cxb4 42. Kxb4 a6 43. c5 Rxg3 44. Rxh2 Rg4 45. Rh8 Rxe4+ 46. Kb3
Kxc5 47. Rb8 Rd4 48. Rb6 Rd6 0-1

[Event "PSV Duisburg 1 - Aachener SV 1"]
[Site "Oberliga NRW 2010/2011"]
[Date "2011.04.03"]
[Round "9.6"]
[White "Heisel, Guido"]
[Black "Begnis, Nikolaos"]
[Result "0-1"]
[WhiteElo "2167"]
[BlackElo "2252"]
[PlyCount "58"]
[EventDate "2011.??.??"]

1. d4 Nf6 2. Bg5 c5 3. d5 g6 4. f3 Bg7 5. e4 O-O 6. c3 d6 7. Bc4 Na6 8. Ne2 Nc7
9. a4 Rb8 10. O-O b6 11. Nd2 a6 12. Ng3 b5 13. axb5 axb5 14. Be2 e6 15. dxe6
Nxe6 16. Be3 d5 17. Re1 d4 18. cxd4 cxd4 19. Bf2 h5 20. Bd3 h4 21. Ne2 Nh5 22.
Kh1 Be5 23. Nb3 Qf6 24. Nec1 Qf4 25. g3 hxg3 26. hxg3 Nxg3+ 27. Kg2 Qg5 28. Bg1
Nf4+ 29. Kf2 Nh1+ 0-1

[Event "PSV Duisburg 1 - Aachener SV 1"]
[Site "Oberliga NRW 2010/2011"]
[Date "2011.04.03"]
[Round "9.7"]
[White "Frombach, Ralf"]
[Black "Werner, Knud"]
[Result "1-0"]
[WhiteElo "2180"]
[BlackElo "2114"]
[PlyCount "75"]
[EventDate "2011.??.??"]

1. d4 Nf6 2. c4 c5 3. d5 d6 4. Nc3 g6 5. e4 Bg7 6. Bd3 O-O 7. h3 e6 8. Nf3 exd5
9. cxd5 Re8 10. O-O Na6 11. Re1 Nc7 12. Bf4 b5 13. Bxb5 Nxb5 14. Nxb5 Nxe4 15.
Nd2 Rb8 16. Nxe4 Rxb5 17. Qa4 Bd7 18. Qxa7 Rb4 19. Bg5 Qb8 20. Qxb8 Rexb8 21.
Nf6+ Bxf6 22. Bxf6 Bf5 23. f3 Bd3 24. Re3 Rf4 25. Be7 Rd4 26. Bxd6 Rc8 27. Rae1
Rxd5 28. Re8+ Rxe8 29. Rxe8+ Kg7 30. Be5+ Kh6 31. Re7 g5 32. Bc3 Kg6 33. Rc7 h6
34. a4 f5 35. Rg7+ Kh5 36. g4+ fxg4 37. hxg4+ Kh4 38. Kh2 1-0

[Event "PSV Duisburg 1 - Aachener SV 1"]
[Site "Oberliga NRW 2010/2011"]
[Date "2011.04.03"]
[Round "9.8"]
[White "Kleff, Andre"]
[Black "Falter, Lennart"]
[Result "0-1"]
[WhiteElo "2092"]
[BlackElo "1873"]
[PlyCount "64"]
[EventDate "2011.??.??"]

1. d4 Nf6 2. Nf3 g6 3. Bf4 Bg7 4. h3 O-O 5. e3 d6 6. Be2 c5 7. c3 Qb6 8. Qc1
Nc6 9. Nbd2 cxd4 10. exd4 Re8 11. Nc4 Qc7 12. O-O e5 13. dxe5 dxe5 14. Bh2 Nd5
15. Re1 f6 16. Ne3 Nb6 17. Nd2 Be6 18. Ne4 Qe7 19. b4 f5 20. Nc5 Bf7 21. f4
exf4 22. Bxf4 Qf6 23. Nd1 Nxb4 24. Nxb7 Nd3 25. Qd2 Nxe1 26. Nd6 Red8 27. Qxe1
Rxd6 28. Qg3 Re6 29. Bf3 Rae8 30. a4 Re1+ 31. Kh2 Nd5 32. Bg5 Qe5 0-1

[Event "SV Wattenscheid 2 - SF Katernberg 2"]
[Site "Oberliga NRW 2010/2011"]
[Date "2011.04.03"]
[Round "9.1"]
[White "Kotainy, Jens"]
[Black "Mladenov, Svetlin"]
[Result "1/2-1/2"]
[WhiteElo "2350"]
[BlackElo "2383"]
[PlyCount "68"]
[EventDate "2011.??.??"]

1. e4 d6 2. f4 Nf6 3. Nc3 g6 4. Nf3 Bg7 5. d4 O-O 6. Bd3 Na6 7. O-O c5 8. d5
Bg4 9. h3 Bxf3 10. Rxf3 Nc7 11. a4 a6 12. a5 Nb5 13. Bd2 Rc8 14. Nxb5 axb5 15.
Qe1 c4 16. Bf1 Nd7 17. Bc3 Bxc3 18. Qxc3 Nc5 19. Qd4 Ra8 20. Rfa3 b4 21. Re3 b5
22. b3 cxb3 23. Qxb4 bxc2 24. Rc3 Na4 25. Rxc2 Rxa5 26. Kh2 Qb6 27. Rc6 Qa7 28.
Bxb5 Ra8 29. Rxa4 Rxa4 30. Bxa4 Qxa4 31. Rc8+ Kg7 32. Qc3+ f6 33. Rxa8 Qxa8 34.
Qc7 Kf7 1/2-1/2

[Event "SV Wattenscheid 2 - SF Katernberg 2"]
[Site "Oberliga NRW 2010/2011"]
[Date "2011.04.03"]
[Round "9.2"]
[White "Souleidis, Georgios"]
[Black "Rosen, Bernd"]
[Result "1/2-1/2"]
[WhiteElo "2318"]
[BlackElo "2304"]
[PlyCount "68"]
[EventDate "2011.??.??"]

1. e4 e6 2. d4 d5 3. Nc3 Nf6 4. Bg5 dxe4 5. Nxe4 Be7 6. Bxf6 gxf6 7. Nf3 f5 8.
Nc3 a6 9. g3 b5 10. Bg2 Bb7 11. O-O Qd6 12. a4 b4 13. Ne2 Nd7 14. Nf4 Rd8 15.
Qe2 O-O 16. Rfd1 Nf6 17. Ne5 Bxg2 18. Kxg2 c5 19. dxc5 Qxc5 20. Kg1 Rxd1+ 21.
Rxd1 Rd8 22. Rxd8+ Bxd8 23. Nfd3 Qd6 24. Nc4 Qe7 25. Qd2 Nd5 26. Nf4 Nxf4 27.
Qxf4 Qd7 28. Qf3 Qxa4 29. Qa8 Qa1+ 30. Kg2 Qd1 31. Qxa6 Qxc2 32. Qd6 Qe4+ 33.
Kg1 Qe1+ 34. Kg2 Qe4+ 1/2-1/2

[Event "SV Wattenscheid 2 - SF Katernberg 2"]
[Site "Oberliga NRW 2010/2011"]
[Date "2011.04.03"]
[Round "9.3"]
[White "Hoolt, Sarah"]
[Black "Tereick, Benjamin"]
[Result "1-0"]
[WhiteElo "2257"]
[BlackElo "2372"]
[Annotator "Hausrath,Daniel"]
[PlyCount "125"]
[EventDate "2011.??.??"]

1. e4 e6 2. d4 d5 3. Nc3 Nc6 4. Nf3 Nf6 5. e5 Ne4 6. Ne2 Be7 7. c3 f6 8. Ng3
fxe5 9. Nxe5 O-O 10. Nxc6 bxc6 11. Nxe4 dxe4 12. Be3 Rb8 13. Qc2 Bg5 14. Qxe4
Bxe3 15. Qxe3 Rxb2 16. Be2 Qd6 17. O-O Qf4 $11 18. Qxf4 Rxf4 19. Bf3 Rf5 20.
Rfb1 Rfb5 21. Be4 Bd7 22. f4 g6 23. Rxb2 Rxb2 24. Rb1 Rb6 25. Kf2 Kf7 26. Ke3
Ke7 27. c4 Ra6 28. c5 Ra3+ 29. Rb3 Rxa2 30. Rb7 Ra3+ 31. Kd2 Ra2+ 32. Kc3 Ra3+
33. Kb4 Ra2 34. Kb3 Ra1 35. Rxc7 Kd8 36. Rb7 Kc8 37. Rb4 Rh1 38. h3 Rf1 39. Bf3
h6 40. Kc3 g5 41. fxg5 hxg5 42. Rb2 Kc7 43. Re2 Rc1+ 44. Kb3 Rb1+ 45. Kc2 Rb8
46. Bg4 Rf8 47. Kc3 Rf6 48. Re5 Rg6 49. Kb4 Bc8 50. Re3 Rf6 51. Ra3 Kb8 52. Rf3
Rxf3 53. Bxf3 Kc7 54. Ka5 Kd7 55. g3 Bb7 56. Be2 Ke7 57. Ba6 Ba8 58. Bc8 Kf6
59. Ka6 e5 60. Kxa7 exd4 61. Kxa8 Ke5 62. Kb7 Kd5 63. Kb6 1-0

[Event "SV Wattenscheid 2 - SF Katernberg 2"]
[Site "Oberliga NRW 2010/2011"]
[Date "2011.04.03"]
[Round "9.4"]
[White "Straeter, Timo"]
[Black "Villwock, Martin"]
[Result "1-0"]
[WhiteElo "2289"]
[BlackElo "2095"]
[PlyCount "61"]
[EventDate "2011.??.??"]

1. d4 Nf6 2. Nf3 c5 3. d5 e6 4. c4 exd5 5. cxd5 d6 6. Nc3 g6 7. Bf4 Bg7 8. Qa4+
Bd7 9. Qb3 Qc7 10. e4 O-O 11. Be2 a6 12. a4 Nh5 13. Be3 Bg4 14. h3 Bxf3 15.
Bxf3 f5 16. exf5 Rxf5 17. Bg4 Re5 18. O-O Nd7 19. Be6+ Kh8 20. Bd2 Nf8 21. f4
Nxe6 22. fxe5 Nd4 23. Qc4 Bxe5 24. Ne4 Re8 25. a5 Qe7 26. Rae1 Qh4 27. Qd3 Qe7
28. Bg5 Qg7 29. Nxd6 Re7 30. Bxe7 Qxe7 31. Nf7+ 1-0

[Event "SV Wattenscheid 2 - SF Katernberg 2"]
[Site "Oberliga NRW 2010/2011"]
[Date "2011.04.03"]
[Round "9.5"]
[White "Gassmann, Volker"]
[Black "Franke, Johannes"]
[Result "0-1"]
[WhiteElo "2165"]
[BlackElo "2292"]
[PlyCount "88"]
[EventDate "2011.??.??"]

1. d4 c5 2. d5 e5 3. e4 d6 4. Bb5+ Nd7 5. a4 Be7 6. Nf3 Ngf6 7. Nc3 O-O 8. O-O
Ne8 9. a5 a6 10. Be2 g6 11. Nd2 Ng7 12. Nc4 f5 13. f4 exf4 14. Bxf4 b5 15. axb6
Nxb6 16. Na5 Bf6 17. Nc6 Qc7 18. Bf3 Bxc3 19. bxc3 fxe4 20. Bxe4 Bf5 21. Re1
Bxe4 22. Rxe4 Rf7 23. Qd2 Qd7 24. Rae1 Re8 25. Rxe8+ Nxe8 26. Re6 Nxd5 27. Qxd5
Nc7 28. Ne7+ Qxe7 29. Rxe7 Nxd5 30. Re8+ Rf8 31. Rxf8+ Kxf8 32. Bxd6+ Kf7 33.
Bxc5 Nxc3 34. Bb4 Nd5 35. Ba5 Ne3 36. c3 Nc4 37. Bb4 a5 38. Bc5 Ke6 39. Kf2 Kd5
40. Bf8 a4 41. Ke2 a3 42. Bxa3 Nxa3 43. Kf3 Ke5 44. Kg4 h6 0-1

[Event "SV Wattenscheid 2 - SF Katernberg 2"]
[Site "Oberliga NRW 2010/2011"]
[Date "2011.04.03"]
[Round "9.6"]
[White "Hirsch, Stefan"]
[Black "Bachmann, Karlheinz"]
[Result "1/2-1/2"]
[WhiteElo "2187"]
[BlackElo "2213"]
[PlyCount "120"]
[EventDate "2011.??.??"]

1. e4 c5 2. Nc3 e6 3. Nge2 d6 4. d4 cxd4 5. Nxd4 Nf6 6. g4 h6 7. h4 Nc6 8. Rg1
h5 9. gxh5 Nxh5 10. Bg5 Nf6 11. Qd2 a6 12. O-O-O Bd7 13. f4 Be7 14. Nf3 b5 15.
e5 b4 16. exf6 bxc3 17. Qxc3 gxf6 18. f5 e5 19. Be3 Qa5 20. Qc4 Qb4 21. Rg7
Qxc4 22. Bxc4 Nd8 23. Bb6 Bxf5 24. Bxd8 Kxd8 25. Rxf7 Rc8 26. b3 Bg4 27. Rf1 a5
28. Bd5 Kd7 29. Rg7 Be6 30. Bxe6+ Kxe6 31. Rh1 Rh5 32. Rg4 f5 33. Ra4 e4 34.
Nd4+ Ke5 35. Rd1 Rc5 36. b4 axb4 37. Rxb4 Rxh4 38. Rb6 Bg5+ 39. Kb1 d5 40. Re6+
Kf4 41. Rg6 Be7 42. Ne6+ Ke5 43. Nxc5 Bxc5 44. Rg8 Rh6 45. Re8+ Re6 46. Rxe6+
Kxe6 47. c3 f4 48. Kc2 f3 49. a4 e3 50. Kd3 e2 51. Rh1 Bf2 52. Kd2 Kd6 53. a5
Kc5 54. Rb1 e1=Q+ 55. Rxe1 Bxe1+ 56. Kxe1 Kb5 57. Kf2 Kxa5 58. Kxf3 Kb5 59. Ke3
Kc4 60. Kd2 d4 1/2-1/2